Song titles in German #2 - Statistics

General Stats
  • This quiz has been taken 39 times
  • The average score is 13 of 20
Answer Stats
Song title in German Hint: Artist Song title in English % Correct
Amerikanischer Idiot Green Day American Idiot
100%
Hallo Adele Hello
100%
Wassermelonen Zucker Harry Styles Watermelon sugar
86%
Allles was du brauchst ist Liebe Beatles All you need is love
81%
Treppe zum Himmel Led Zeppelin Stairway to Heaven
81%
Gelb Coldplay Yellow
78%
Meine Religion verlieren REM Losing my religion
75%
Sieben Nationen Armee White Stripes Seven nation army
75%
Regenschirm Rihanna Umbrella
75%
Bring mich zur Kirche Hozier Take me to church
69%
Form von dir Ed Sheeran Shape of you
67%
Nimm es mit mir auf A.ha Take on me
67%
Dunkles Pferd Katy Perry Dark Horse
61%
Blendende Lichter The Weeknd Blinding lights
58%
Helden David Bowie Heroes
58%
Preisschild Jessie J Price tag
42%
Rebellen Schrei Billy Idol Rebel yell
42%
Verdorbene Liebe Soft Cell Tainted love
42%
Befriedigung Rolling Stones Satisfaction
36%
Pik As Motörhead Ace of spades
25%
No matching quizzes found
Score Distribution
Percent of People with Each Score
Percentile by Number Answered
Your Score History
You have not taken this quiz